000 00716nab a22002297a 4500
001 07496
003 HDC
007 cr bn ---aaaaa
008 210128c20151021my ||||| |||| 00| 0 may d
040 _aHDC
245 0 _aKerajaan perlu perkuat sektor PKS
336 _atext
_2rdacontent
337 _acomputer
_2rdamedia
338 _aonline resource
_2rdacarrier
650 _aEntrepreneur
_91863
650 _aGovernment aid to small business
_97631
710 _aHarian Metro
856 _zRequest full-text at [email protected]
942 _2lcc
942 _cNEWS
942 _kNWSC 001996
999 _c4819
_d4819